000 00735nam a2200289Ia 4500
005 20260324144652.0
008 008 260324s9999 xx 000 0 eng d
020 _a9780429043598
037 _aEBOOK
040 _aCRL
040 _beng
040 _cCRL
041 _2eng
041 _aeng
084 _qCRL
100 _aBruce M. Bagley
_91220174
245 0 _aContadora And The Diplomacy Of Peace In Central America
245 0 _bVolume I: The United States, Central America, And Contadora
260 _bTaylor and Francis
260 _c1987
365 _a
365 _b230
856 _uhttp://www.taylorfrancis.com/books/9780429043598
942 _cEBOOK
999 _c1827069
_d1827069